Chce byť predsedom na plný úväzok S Rudolfom Bauerom, kandidátom KDH, DS na predsedu VÚC

Bibliographic Details
Main Author: Bauer, Rudolf, 1957- (Author)
Format: Article
Language:Slovak
Subjects:

MARC

LEADER 00000nab a2200000 a 4500
001 vtls000927543
003 SK-MaSNL
005 20260303033414.0
008 040720e20011210xo 0 slo
035 |a KE36420 
040 |a KEVKJB  |b slo  |c KEVKJB  |e AACR2 
041 0 |a slo 
044 |a xo  |c SK 
080 |a 324  |2 1981 
100 1 |a Bauer, Rudolf,  |d 1957-  |4 aut  |9 100179 
245 1 0 |a Chce byť predsedom na plný úväzok  |b S Rudolfom Bauerom, kandidátom KDH, DS na predsedu VÚC 
600 1 7 |a Bauer, Rudolf,  |d 1957-  |2 KEVKJB  |9 100179 
650 0 7 |a voľby do VÚC  |2 KEVKJB  |9 1017110 
650 0 7 |a kandidáti na predsedu  |2 KEVKJB  |9 1017111 
651 7 |a Košický samosprávny kraj (Slovensko)  |2 KEVKJB  |9 195425 
651 7 |a KE,  |2 KEVKJB  |9 877256 
655 7 |a rozhovory  |2 KEVKJB  |9 31831 
773 0 8 |t Národná obroda  |g Roč. 12  |g Roč. 28, č.283, 10.12.2001, s. 9 
773 0 8 |i Príl.:  |t Regióny 
852 |a ZVYKNI  |b KIS3GCP 
999 |c 1669887  |d 1671817